Principy výstavby počítačů a operačních systémů /
Uloženo v:
| Hlavní autor: | |
|---|---|
| Médium: | Kniha |
| Jazyk: | čeština |
| Vydáno: |
Ostrava :
KOVOSIL,
2007
|
| Vydání: | 1. vyd. |
| Témata: | |
| ISBN: | 9788090369412 |
| On-line přístup: |
|
| Tagy: |
Přidat tag
Žádné tagy, Buďte první, kdo vytvoří štítek k tomuto záznamu!
|
MARC
| LEADER | 00000nam a2200000 4500 | ||
|---|---|---|---|
| 003 | SK-BrCVT | ||
| 005 | 20220621163529.0 | ||
| 008 | 071112s2007 xr e ||||||cze d | ||
| 020 | |a 9788090369412 | ||
| 035 | |a CVTIDW1425864 | ||
| 040 | |b slo |a CVTI SR |e AACR2 | ||
| 041 | 0 | |a cze | |
| 044 | |a xr | ||
| 080 | |a 004.3 |2 UDC-MRF | ||
| 080 | |a 004.451 |2 UDC-MRF | ||
| 100 | 1 | |a Klimeš, Cyril |d 1952-, |4 aut | |
| 245 | 1 | 0 | |a Principy výstavby počítačů a operačních systémů / |c Cyril Klimeš |
| 250 | |a 1. vyd. | ||
| 260 | |a Ostrava : |b KOVOSIL, |c 2007 | ||
| 300 | |a 198 s. : |b grafy, lit., obr., tab. ; | ||
| 653 | 1 | |a operačný systém |a sieťová architektúra |a užívateľské rozhranie | |
| 910 | |a BA002 |b A603422 |b A603423 | ||
| 919 | |a 978-80-903694-1-2 | ||
| 974 | |f Knihy | ||
| 992 | |a APP | ||
| 999 | |c 157557 |d 157557 | ||

